[Event "Titled Tuesday intern op 02nd Apr Early"]
[Site "Chess.com INT"]
[Date "2024.04.02"]
[Round "3"]
[White "Berezin, Viktor1"]
[Black "Kalashian, David"]
[Result "0-1"]
[WhiteElo "2307"]
[BlackElo "2398"]
[PlyCount "72"]
[EventDate "2024.04.02"]
[EventType "swiss (blitz)"]
[EventRounds "11"]
[EventCountry "USA"]
[SourceTitle "CB15_2024"]
[SourceDate "2024.04.10"]
[SourceVersion "1"]
[SourceVersionDate "2024.04.10"]
[SourceQuality "1"]

1. d4 Nf6 2. Nf3 g6 3. g3 Bg7 4. Bg2 0-0 5. 0-0 d6 6. a4 c6 7. a5 Bg4 8. Nc3 a6 9. Qd3 Nbd7 10. h3 Bxf3 11. exf3 Qc7 12. f4 e5 13. dxe5 dxe5 14. Re1 Rad8 15. Qc4 Rfe8 16. Be3 Nh5 17. Rad1 exf4 18. Nd5 Qxa5 19. Nxf4 Nxf4 20. Qxf4 Nf6 21. c3 Nd5 22. Bxd5 Rxd5 23. Bd4 Rxe1+ 24. Rxe1 Bxd4 25. Re8+ Kg7 26. cxd4 Rf5 27. Qb8 Qb4 28. Rg8+ Kh6 29. Kg2 Qe7 30. g4 Qe4+ 31. Kf1 Qd3+ 32. Kg1 Qd1+ 33. Kh2 Rxf2+ 34. Kg3 Rf3+ 35. Kh2 Qe2+ 36. Kg1 Rf1# 0-1

[Event "Titled Tuesday intern op 02nd Apr Early"]
[Site "Chess.com INT"]
[Date "2024.04.02"]
[Round "6"]
[White "Iniyan, Panneerseluam"]
[Black "Kalashian, David"]
[Result "1-0"]
[WhiteElo "2495"]
[BlackElo "2398"]
[PlyCount "73"]
[EventDate "2024.04.02"]
[EventType "swiss (blitz)"]
[EventRounds "11"]
[EventCountry "USA"]
[SourceTitle "CB15_2024"]
[SourceDate "2024.04.10"]
[SourceVersion "1"]
[SourceVersionDate "2024.04.10"]
[SourceQuality "1"]

1. d4 Nf6 2. c4 g6 3. Nc3 Bg7 4. e4 d6 5. Nf3 Bg4 6. Be2 Nfd7 7. Be3 c5 8. d5 Bxc3+ 9. bxc3 Nf6 10. Nd2 Bxe2 11. Qxe2 Nbd7 12. f4 Qa5 13. Qd3 Nb6 14. a4 Nbd7 15. h3 Qc7 16. g4 h5 17. g5 Nh7 18. h4 0-0 19. 0-0 a6 20. Kg2 Rab8 21. e5 dxe5 22. f5 e4 23. Nxe4 Ne5 24. Qe2 b5 25. Bf4 Rfd8 26. Ng3 f6 27. fxg6 Nf8 28. Qxh5 bxc4 29. g7 Nfg6 30. Qxg6 Rb2+ 31. Kg1 Qd7 32. Qf5 Qxd5 33. Qe4 Qd7 34. Bxe5 Qh3 35. Qh1 Qg4 36. gxf6 exf6 37. Rxf6 1-0

[Event "Titled Tuesday intern op 11th Apr Early"]
[Site "Chess.com INT"]
[Date "2023.04.11"]
[Round "4"]
[White "Titichoca Daza, Daniel Henry"]
[Black "Kalashian, David"]
[Result "0-1"]
[WhiteElo "2184"]
[BlackElo "2398"]
[PlyCount "66"]
[EventDate "2023.04.11"]
[EventType "swiss (blitz)"]
[EventRounds "11"]
[EventCountry "USA"]
[SourceTitle "CBM 213 Extra"]
[Source "ChessBase"]
[SourceDate "2023.05.31"]
[SourceVersion "1"]
[SourceVersionDate "2023.05.31"]
[SourceQuality "1"]

1. c4 Nf6 2. Nc3 g6 3. g3 Bg7 4. Bg2 0-0 5. Nf3 c6 6. 0-0 d6 7. d4 Bg4 8. Qb3 Qb6 9. Bf4 Nbd7 10. Qa3 Bxf3 11. Bxf3 Qxd4 12. Rac1 Qc5 13. b4 Qb6 14. Na4 Qd8 15. Rfd1 Rc8 16. b5 Nb6 17. bxc6 bxc6 18. c5 Nxa4 19. Qxa4 d5 20. Qxa7 Ra8 21. Qb7 Qc8 22. Qb3 Nd7 23. e4 e6 24. Bd6 Re8 25. exd5 exd5 26. Bg4 Re4 27. Bf3 Re8 28. Re1 Ne5 29. Bg2 Qa6 30. Bxe5 Bxe5 31. Rc2 Bd4 32. Rec1 Re2 33. Qf3 Bxf2+ 0-1

[Event "Titled Tuesday intern op 14th Mar Early"]
[Site "Chess.com INT"]
[Date "2023.03.14"]
[Round "4"]
[White "Kalashian, David"]
[Black "Hambleton, Aman"]
[Result "1-0"]
[WhiteElo "2398"]
[BlackElo "2420"]
[PlyCount "71"]
[EventDate "2023.03.14"]
[EventType "swiss (blitz)"]
[EventRounds "11"]
[EventCountry "USA"]
[SourceTitle "EXT 2024"]
[Source "ChessBase"]
[SourceDate "2023.10.10"]
[SourceVersion "1"]
[SourceVersionDate "2023.10.10"]
[SourceQuality "1"]

1. d4 Nf6 2. c4 e6 3. Nf3 b6 4. g3 Ba6 5. b3 Bb7 6. Bg2 Bb4+ 7. Bd2 c5 8. 0-0 0-0 9. Bf4 cxd4 10. Nxd4 Bxg2 11. Kxg2 Nc6 12. a3 Nxd4 13. axb4 Nf5 14. Nc3 Qc8 15. e4 Ne7 16. Bd6 Re8 17. e5 Qb7+ 18. Qf3 Qxf3+ 19. Kxf3 Nf5 20. Nb5 Nh5 21. Nc7 Nd4+ 22. Ke3 Nc2+ 23. Kf3 Nxa1 24. Rxa1 f5 25. Nxe8 Rxe8 26. Rxa7 g5 27. Rxd7 g4+ 28. Ke3 f4+ 29. gxf4 Ng7 30. c5 Nf5+ 31. Ke4 bxc5 32. bxc5 Ra8 33. c6 Ra1 34. c7 Re1+ 35. Kd3 Rd1+ 36. Kc2 1-0

[Event "Titled Tuesday intern op 7th Mar Early"]
[Site "Chess.com INT"]
[Date "2023.03.07"]
[Round "3"]
[White "Zherebtsova, Alexandra"]
[Black "Kalashian, David"]
[Result "1-0"]
[WhiteElo "2155"]
[BlackElo "2398"]
[PlyCount "147"]
[EventDate "2023.03.07"]
[EventType "swiss (blitz)"]
[EventRounds "11"]
[EventCountry "USA"]
[SourceTitle "EXT 2024"]
[Source "ChessBase"]
[SourceDate "2023.10.10"]
[SourceVersion "1"]
[SourceVersionDate "2023.10.10"]
[SourceQuality "1"]

1. d4 Nf6 2. Nf3 e6 3. c4 b6 4. g3 Ba6 5. Qc2 Bb4+ 6. Nbd2 0-0 7. Bg2 d5 8. a3 Bxd2+ 9. Nxd2 c6 10. e3 Nbd7 11. 0-0 Rc8 12. Rd1 c5 13. dxc5 Nxc5 14. b4 Ncd7 15. Qa4 Bxc4 16. Nxc4 Rxc4 17. Qxa7 Ne4 18. Bxe4 Rxe4 19. Bb2 b5 20. Bd4 Ne5 21. Bxe5 Rxe5 22. Qc5 Qb8 23. Rac1 Re4 24. Rd4 Rxd4 25. Qxd4 Qa8 26. Rc3 h6 27. h4 Rc8 28. Rxc8+ Qxc8 29. Qb6 Qc4 30. Qd8+ Kh7 31. Qd7 Qc1+ 32. Kg2 Qxa3 33. Qxb5 Qa7 34. Qc5 Qb7 35. b5 Qb8 36. b6 Qe5 37. Qd4 Qb8 38. Qb4 Qb7 39. f3 e5 40. Qc5 Qa6 41. Qc2+ g6 42. Qb2 Qb7 43. Qb5 d4 44. Qxe5 d3 45. Qd4 Qa6 46. g4 Qa2+ 47. Kg3 Qe2 48. b7 d2 49. b8Q Qe1+ 50. Kf4 g5+ 51. hxg5 hxg5+ 52. Kxg5 f6+ 53. Qxf6 Qxe3+ 54. Qbf4 Qxf4+ 55. Qxf4 d1Q 56. Qf5+ Kh8 57. Qf6+ Kh7 58. Qf5+ Kh8 59. Kg6 Qd8 60. Qf6+ Qxf6+ 61. Kxf6 Kh7 62. g5 Kg8 63. Kg6 Kh8 64. Kf7 Kh7 65. g6+ Kh6 66. g7 Kg5 67. g8Q+ Kf4 68. Qg4+ Ke5 69. Kg7 Kd6 70. f4 Kc7 71. f5 Kd8 72. f6 Ke8 73. f7+ Ke7 74. f8Q# 1-0

[Event "Titled Tuesday intern op 21st Feb Early"]
[Site "Chess.com INT"]
[Date "2023.02.21"]
[Round "3"]
[White "Gokerkan, Cem Kaan"]
[Black "Kalashian, David"]
[Result "1-0"]
[WhiteElo "2486"]
[BlackElo "2398"]
[PlyCount "53"]
[EventDate "2023.02.21"]
[EventType "swiss (blitz)"]
[EventRounds "11"]
[EventCountry "USA"]
[SourceTitle "CBM 212 Extra"]
[Source "ChessBase"]
[SourceDate "2023.03.31"]
[SourceVersion "1"]
[SourceVersionDate "2023.03.31"]
[SourceQuality "1"]

1. e4 c6 2. d3 g6 3. Nd2 Bg7 4. g3 d6 5. Bg2 Nf6 6. f4 0-0 7. Ngf3 c5 8. 0-0 Nc6 9. h3 b5 10. a4 b4 11. e5 Nd7 12. e6 fxe6 13. Ng5 Ndb8 14. Re1 e5 15. Bd5+ Kh8 16. Nf7+ Rxf7 17. Bxf7 exf4 18. gxf4 Bxh3 19. Qf3 Bd7 20. Nb3 Na6 21. Bd2 Rc8 22. Re2 Nc7 23. Rae1 e6 24. f5 gxf5 25. Rh2 d5 26. Rxh7+ Kxh7 27. Qh5+ 1-0

[Event "Titled Tuesday intern op 21st Feb Early"]
[Site "Chess.com INT"]
[Date "2023.02.21"]
[Round "2"]
[White "Kalashian, David"]
[Black "Rose, Felix"]
[Result "1-0"]
[WhiteElo "2398"]
[BlackElo "2091"]
[PlyCount "37"]
[EventDate "2023.02.21"]
[EventType "swiss (blitz)"]
[EventRounds "11"]
[EventCountry "USA"]
[SourceTitle "CBM 212 Extra"]
[Source "ChessBase"]
[SourceDate "2023.03.31"]
[SourceVersion "1"]
[SourceVersionDate "2023.03.31"]
[SourceQuality "1"]

1. d4 d5 2. Nf3 Nf6 3. c4 e6 4. Nc3 Be7 5. Bf4 0-0 6. e3 b6 7. Rc1 c5 8. cxd5 Nxd5 9. Nxd5 Qxd5 10. Bc4 Qd8 11. dxc5 Qxd1+ 12. Kxd1 Bxc5 13. Ke2 Ba6 14. Rhd1 Bxc4+ 15. Rxc4 Nc6 16. a3 Na5 17. Rc2 Be7 18. b4 Nb7 19. Rd7 1-0

[Event "Titled Tuesday intern op 13th Dec Early"]
[Site "Chess.com INT"]
[Date "2022.12.13"]
[Round "3"]
[White "Daneshvar, Bardiya"]
[Black "Kalashian, David"]
[Result "1-0"]
[WhiteElo "2500"]
[BlackElo "2398"]
[PlyCount "111"]
[EventDate "2022.12.13"]
[EventType "swiss (blitz)"]
[EventRounds "11"]
[EventCountry "USA"]
[SourceTitle "EXT 2024"]
[Source "ChessBase"]
[SourceDate "2023.10.10"]
[SourceVersion "1"]
[SourceVersionDate "2023.10.10"]
[SourceQuality "1"]

1. b3 Nf6 2. Bb2 g6 3. g3 Bg7 4. Bg2 0-0 5. Nf3 d6 6. d4 c6 7. 0-0 Bg4 8. h3 Bxf3 9. Bxf3 Nbd7 10. c4 Qc7 11. Nc3 e5 12. d5 Rfe8 13. e4 cxd5 14. cxd5 a6 15. Rc1 Rac8 16. a3 Qb6 17. b4 Qa7 18. Kg2 Nb6 19. a4 Nc4 20. Ba1 Rc7 21. Be2 Rec8 22. Qd3 h5 23. Na2 b5 24. a5 Qb8 25. Bc3 Bh6 26. Rce1 Qa7 27. Bd1 Nd7 28. h4 Na3 29. f4 exf4 30. gxf4 Bg7 31. Bxg7 Kxg7 32. Qxa3 Qd4 33. Rf2 Nf6 34. Qb2 Qa7 35. e5 dxe5 36. fxe5 Ng4 37. Bxg4 hxg4 38. e6+ Kg8 39. exf7+ Rxf7 40. Re6 Kh7 41. Rxf7+ Qxf7 42. Qe2 Rc7 43. d6 Rc2 44. Qxc2 Qxe6 45. h5 Qd5+ 46. Kg1 Qxd6 47. Qxg6+ Qxg6 48. hxg6+ Kxg6 49. Nc3 Kf5 50. Nxb5 Ke5 51. Nc7 Kd6 52. Nxa6 Kc6 53. Nc5 Kb5 54. Nd3 Ka6 55. Kg2 Kb5 56. Kg3 1-0

[Event "Titled Tuesday intern op 13th Dec Early"]
[Site "Chess.com INT"]
[Date "2022.12.13"]
[Round "8"]
[White "Omelja, Artem"]
[Black "Kalashian, David"]
[Result "0-1"]
[WhiteElo "2443"]
[BlackElo "2398"]
[PlyCount "136"]
[EventDate "2022.12.13"]
[EventType "swiss (blitz)"]
[EventRounds "11"]
[EventCountry "USA"]
[SourceTitle "EXT 2024"]
[Source "ChessBase"]
[SourceDate "2023.10.10"]
[SourceVersion "1"]
[SourceVersionDate "2023.10.10"]
[SourceQuality "1"]

1. e4 c6 2. Ne2 g6 3. d4 Bg7 4. c3 d6 5. Nf4 Nf6 6. Bd3 0-0 7. 0-0 e5 8. Ne2 exd4 9. Nxd4 Re8 10. Re1 Nbd7 11. Bc2 Nc5 12. f3 d5 13. e5 Nfd7 14. f4 Ne6 15. f5 Nxd4 16. cxd4 c5 17. e6 fxe6 18. fxg6 Bxd4+ 19. Be3 Bxb2 20. gxh7+ Kh8 21. Nd2 Bg7 22. Nf3 Ne5 23. Nxe5 Bxe5 24. Bxc5 Bg7 25. Bg6 Rf8 26. Bxf8 Qxf8 27. Rc1 Bd7 28. Rf1 Qd6 29. Rf7 Be8 30. Rxg7 Kxg7 31. Bxe8 Rxe8 32. Qg4+ Kh8 33. Qg6 Rf8 34. h3 Qb6+ 35. Kh1 e5 36. Qg5 Qf6 37. Qe3 Qf4 38. Qa3 d4 39. Rc7 e4 40. Qe7 Qf1+ 41. Kh2 Qf6 42. Kg1 Qf1+ 43. Kh2 Qf6 44. Kg1 Qxe7 45. Rxe7 e3 46. Re4 Kxh7 47. g4 Kg6 48. Kg2 Rf2+ 49. Kg3 Rd2 50. Kf3 Rf2+ 51. Kg3 Rd2 52. Kf3 a5 53. h4 a4 54. Re6+ Kf7 55. Re5 b5 56. Rxb5 e2 57. Re5 d3 58. g5 Rd1 59. Kf2 Rf1+ 60. Kg2 e1Q 61. Rxe1 Rxe1 62. Kf3 d2 63. Kg4 d1Q+ 64. Kf5 Qd5+ 65. Kg4 Qe4+ 66. Kh5 Qf3+ 67. Kh6 Re6+ 68. Kh7 Qh5# 0-1

[Event "Titled Tuesday intern op 04th Oct Early"]
[Site "Chess.com INT"]
[Date "2022.10.04"]
[Round "7"]
[White "Kalashian, David"]
[Black "Pakleza, Zbigniew"]
[Result "0-1"]
[WhiteElo "2398"]
[BlackElo "2496"]
[PlyCount "100"]
[EventDate "2022.10.04"]
[EventType "swiss (blitz)"]
[EventRounds "11"]
[EventCountry "USA"]
[SourceTitle "EXT 2023"]
[Source "ChessBase"]
[SourceDate "2022.10.05"]
[SourceVersion "1"]
[SourceVersionDate "2022.10.05"]
[SourceQuality "1"]

1. d4 d6 2. e4 Nf6 3. Nc3 c6 4. Nf3 Bg4 5. a4 e6 6. Be2 Be7 7. 0-0 d5 8. e5 Nfd7 9. Ne1 Bxe2 10. Nxe2 c5 11. c3 Nc6 12. f4 g6 13. Nf3 Qb6 14. Kh1 a6 15. Be3 cxd4 16. Nexd4 Qxb2 17. Rb1 Qxc3 18. Rxb7 Nxd4 19. Bxd4 Qc8 20. Qb1 Rb8 21. Rxb8 Qxb8 22. Qd3 a5 23. Rb1 Bb4 24. Ng5 Ke7 25. Qh3 h6 26. Nf3 Qc7 27. Qh4+ Kf8 28. Rf1 Be7 29. Qg3 Qc4 30. Rb1 Qxa4 31. h4 Bc5 32. Bc3 Kg7 33. f5 Qc2 34. f6+ Kh7 35. Rb7 Qa4 36. h5 Rg8 37. Qh3 Qc6 38. Rb1 d4 39. hxg6+ Rxg6 40. Bd2 Qe4 41. Nh4 Qxb1+ 42. Kh2 Qc2 43. Nf3 Qe4 44. Ng5+ Rxg5 45. Bxg5 Qg6 46. Bf4 a4 47. Bd2 d3 48. Qf3 Nxe5 49. g4 Nxf3+ 50. Kg3 Nxd2 0-1

[Event "Titled Tuesday intern op 04th Oct Early"]
[Site "Chess.com INT"]
[Date "2022.10.04"]
[Round "6"]
[White "Kalashian, David"]
[Black "Spitzl, Vinzent"]
[Result "1-0"]
[WhiteElo "2398"]
[BlackElo "2347"]
[PlyCount "87"]
[EventDate "2022.10.04"]
[EventType "swiss (blitz)"]
[EventRounds "11"]
[EventCountry "USA"]
[SourceTitle "EXT 2023"]
[Source "ChessBase"]
[SourceDate "2022.10.05"]
[SourceVersion "1"]
[SourceVersionDate "2022.10.05"]
[SourceQuality "1"]

1. d4 Nf6 2. c4 e6 3. Nf3 d5 4. Nc3 Bb4 5. Bg5 h6 6. Bxf6 Qxf6 7. Qa4+ Nc6 8. e3 0-0 9. Rc1 Bd7 10. cxd5 exd5 11. a3 Bxc3+ 12. Rxc3 a6 13. Qb3 Qd6 14. Bd3 Na7 15. 0-0 Bb5 16. Rfc1 Bxd3 17. Rxd3 c6 18. Qxb7 Rfb8 19. Qxa6 Rxb2 20. Qa5 Rb5 21. Qd2 Rab8 22. h3 Rb2 23. Qa5 Nb5 24. Ne5 Qf6 25. Rd2 Rxd2 26. Qxd2 Rc8 27. a4 Nd6 28. a5 Ne4 29. Qc2 c5 30. Ng4 Qg6 31. dxc5 Rxc5 32. Qb1 Rxc1+ 33. Qxc1 h5 34. Ne5 Qf5 35. Nf3 Qe6 36. Nd2 Nxd2 37. Qxd2 Qd6 38. Qa2 f6 39. a6 Qc6 40. a7 Qa8 41. e4 Kh7 42. exd5 Kg6 43. d6 Kf5 44. d7 1-0

[Event "Titled Tuesday intern op 27th Sep Early"]
[Site "Chess.com INT"]
[Date "2022.09.27"]
[Round "1"]
[White "Dahale, Atul"]
[Black "Kalashian, David"]
[Result "0-1"]
[WhiteElo "2222"]
[BlackElo "2398"]
[PlyCount "58"]
[EventDate "2022.09.27"]
[EventType "swiss (blitz)"]
[EventRounds "11"]
[EventCountry "USA"]
[SourceTitle "CBM 210 Extra"]
[Source "ChessBase"]
[SourceDate "2022.11.30"]
[SourceVersion "1"]
[SourceVersionDate "2022.11.30"]
[SourceQuality "1"]

1. d4 Nf6 2. c4 e6 3. Nc3 Bb4 4. e3 c5 5. Bd3 0-0 6. Nge2 d5 7. 0-0 dxc4 8. Bxc4 Nbd7 9. a3 cxd4 10. axb4 dxc3 11. bxc3 Qc7 12. Bd3 b6 13. Bb2 Ne5 14. Nd4 Bb7 15. Rc1 Rfd8 16. Be2 Nc4 17. Bxc4 Qxc4 18. Qc2 e5 19. Nf3 Bxf3 20. gxf3 e4 21. fxe4 Nxe4 22. f3 Nf6 23. Qf5 Qe2 24. Rf2 Qxe3 25. Rcf1 Rd5 26. Qh3 Rg5+ 27. Kh1 Rd8 28. c4 Nh5 29. f4 Qxh3 0-1

[Event "Titled Tuesday intern op 27th Sep Early"]
[Site "Chess.com INT"]
[Date "2022.09.27"]
[Round "2"]
[White "Kalashian, David"]
[Black "Raja, Rithvik R"]
[Result "1-0"]
[WhiteElo "2398"]
[BlackElo "2489"]
[PlyCount "89"]
[EventDate "2022.09.27"]
[EventType "swiss (blitz)"]
[EventRounds "11"]
[EventCountry "USA"]
[SourceTitle "CBM 210 Extra"]
[Source "ChessBase"]
[SourceDate "2022.11.30"]
[SourceVersion "1"]
[SourceVersionDate "2022.11.30"]
[SourceQuality "1"]

1. d4 Nf6 2. c4 e6 3. Nf3 b6 4. g3 Bb7 5. Bg2 Be7 6. 0-0 0-0 7. Re1 d5 8. Nc3 dxc4 9. Bf4 Nbd7 10. e4 Bb4 11. Nd2 c5 12. Nxc4 cxd4 13. Qxd4 Bc5 14. Qd2 e5 15. Be3 Bb4 16. Nd6 Bc6 17. a3 Bc5 18. Rad1 Qc7 19. b4 Bxe3 20. Qxe3 Rfd8 21. Nf5 Nf8 22. Nd5 Bxd5 23. exd5 Qd7 24. Qxe5 Re8 25. Ne7+ Kh8 26. d6 Rac8 27. Qd4 Ne6 28. Rxe6 Qxe6 29. Nxc8 Rxc8 30. h4 Rd8 31. a4 Ne8 32. d7 Nf6 33. Qd6 Qxd6 34. Rxd6 Rxd7 35. Rxd7 Nxd7 36. Kf1 Kg8 37. Ke2 Kf8 38. Kd3 Ke7 39. Kc4 Ne5+ 40. Kb5 Kd6 41. Ka6 Nd3 42. Kxa7 Kc7 43. a5 bxa5 44. b5 Nxf2 45. b6+ 1-0

[Event "Titled Tuesday intern op 23rd Aug Early"]
[Site "Chess.com INT"]
[Date "2022.08.23"]
[Round "1"]
[White "Kalashian, David"]
[Black "Sarkar, Justin"]
[Result "1-0"]
[WhiteElo "2398"]
[BlackElo "2352"]
[PlyCount "107"]
[EventDate "2022.08.23"]
[EventType "swiss (blitz)"]
[EventRounds "11"]
[EventCountry "USA"]
[SourceTitle "EXT 2023"]
[Source "ChessBase"]
[SourceDate "2022.10.05"]
[SourceVersion "1"]
[SourceVersionDate "2022.10.05"]
[SourceQuality "1"]

1. e4 e5 2. Nf3 Nc6 3. d4 exd4 4. Nxd4 Nf6 5. Nc3 Nxe4 6. Nxe4 Qe7 7. Nxc6 Qxe4+ 8. Be2 dxc6 9. 0-0 Be6 10. Bf3 Qh4 11. g3 Qf6 12. Bf4 Rc8 13. Re1 Be7 14. Be5 Qh6 15. Qd4 0-0 16. Qxa7 Bf6 17. Bf4 g5 18. Be5 Bxe5 19. Rxe5 Qf6 20. Qe3 h6 21. Re1 Rcd8 22. a4 Bd5 23. Bxd5 Rxd5 24. a5 Rxe5 25. Qxe5 Qxe5 26. Rxe5 Kg7 27. Re7 Rc8 28. b4 Kf6 29. Re3 Rd8 30. c3 Rd1+ 31. Kg2 Rc1 32. h3 Rc2 33. Kf3 Rd2 34. Re4 Rd3+ 35. Re3 Rd2 36. h4 Rc2 37. h5 Rd2 38. g4 Rc2 39. Rd3 Ke6 40. Ke3 Rc1 41. f3 Re1+ 42. Kd2 Rf1 43. Re3+ Kd6 44. Ke2 Rc1 45. Kd3 Rd1+ 46. Ke4 Ke6 47. Re2 Rc1 48. Kd4+ Kd6 49. Kc4 Rd1 50. a6 bxa6 51. Re4 Rf1 52. Re3 Rf2 53. Kd4 Rf1 54. Ke4 1-0

[Event "Titled Tuesday intern op 31st May Early"]
[Site "Chess.com INT"]
[Date "2022.05.31"]
[Round "1"]
[White "Kalashian, David"]
[Black "Lopez del Alamo, Antonio"]
[Result "1-0"]
[WhiteElo "2398"]
[BlackElo "2242"]
[PlyCount "45"]
[EventDate "2022.05.31"]
[EventType "swiss (blitz)"]
[EventRounds "11"]
[EventCountry "USA"]
[SourceTitle "CBM 208 Extra"]
[Source "ChessBase"]
[SourceDate "2022.07.31"]
[SourceVersion "1"]
[SourceVersionDate "2022.07.31"]
[SourceQuality "1"]

1. e4 c5 2. Nc3 Nc6 3. Nf3 e6 4. Bb5 Nd4 5. 0-0 Nxb5 6. Nxb5 a6 7. Nc3 d6 8. d4 cxd4 9. Qxd4 Nf6 10. Bg5 Be7 11. Rad1 Qc7 12. Rfe1 b5 13. Bxf6 gxf6 14. Nh4 Rb8 15. Nf5 exf5 16. Nd5 Qc5 17. exf5 Rb7 18. Qxf6 0-0 19. Nxe7+ Rxe7 20. Qg5+ Kh8 21. Qxe7 Rg8 22. Qf6+ Rg7 23. Re8# 1-0

[Event "Titled Tuesday intern op 25th Jan"]
[Site "Chess.com INT"]
[Date "2022.01.25"]
[Round "6"]
[White "Lenderman, Aleksandr"]
[Black "Kalashian, David"]
[Result "1/2-1/2"]
[WhiteElo "2622"]
[BlackElo "2398"]
[PlyCount "105"]
[EventDate "2022.01.25"]
[EventType "swiss (blitz)"]
[EventRounds "11"]
[EventCountry "USA"]
[SourceTitle "CBM 206 Extra"]
[Source "ChessBase"]
[SourceDate "2022.03.31"]
[SourceVersion "1"]
[SourceVersionDate "2022.03.31"]
[SourceQuality "1"]

1. d4 Nf6 2. c4 g6 3. Nc3 Bg7 4. e4 d6 5. Nf3 Bg4 6. Be2 Nfd7 7. Be3 c5 8. d5 Bxc3+ 9. bxc3 Qa5 10. Qc2 Nf6 11. 0-0 Nbd7 12. Rfb1 Qc7 13. a4 Bxf3 14. gxf3 g5 15. Kh1 h6 16. f4 gxf4 17. Bxf4 Ne5 18. a5 Qd7 19. Bxe5 dxe5 20. Qa4 Qxa4 21. Rxa4 Rb8 22. Bf3 Kd7 23. Rb5 Rhc8 24. Ra1 Rc7 25. Rg1 Rg8 26. Rg3 Rxg3 27. hxg3 Ne8 28. Bg4+ Kd8 29. f3 Nd6 30. Rb2 h5 31. Bxh5 Nxc4 32. Rh2 e6 33. dxe6 fxe6 34. Bg4 Ke7 35. Rh7+ Kd6 36. Rxc7 Kxc7 37. Bxe6 Nxa5 38. f4 Kd6 39. Bd5 b5 40. Kg2 b4 41. cxb4 cxb4 42. Kf3 b3 43. Ke2 Nc6 44. Kd2 b2 45. Kc2 Nb4+ 46. Kxb2 Nxd5 47. fxe5+ Kxe5 48. exd5 Kxd5 49. Ka3 Ke4 50. Ka4 Kf3 51. Ka5 Kxg3 52. Ka6 Kg4 53. Kxa7 1/2-1/2

[Event "Titled Tuesday intern op 25th Jan"]
[Site "Chess.com INT"]
[Date "2022.01.25"]
[Round "2"]
[White "Przybylski, Wojciech"]
[Black "Kalashian, David"]
[Result "1-0"]
[WhiteElo "2321"]
[BlackElo "2398"]
[PlyCount "219"]
[EventDate "2022.01.25"]
[EventType "swiss (blitz)"]
[EventRounds "11"]
[EventCountry "USA"]
[SourceTitle "CBM 206 Extra"]
[Source "ChessBase"]
[SourceDate "2022.03.31"]
[SourceVersion "1"]
[SourceVersionDate "2022.03.31"]
[SourceQuality "1"]

1. e4 c6 2. d4 g6 3. Nc3 Bg7 4. Be3 d6 5. a4 Nf6 6. f3 0-0 7. Qd2 e5 8. Nge2 Nbd7 9. a5 Re8 10. dxe5 dxe5 11. Nc1 Nf8 12. Nb3 Ne6 13. 0-0-0 Qe7 14. Qd6 Qxd6 15. Rxd6 Bf8 16. Rd2 Bb4 17. Bc4 Nf4 18. Rhd1 Be6 19. Bxf4 Bxc4 20. Bg5 Kg7 21. Bxf6+ Kxf6 22. Rd7 Re7 23. Na2 Bxb3 24. Nxb4 Be6 25. R7d6 a6 26. Nd3 h5 27. h4 Rc7 28. Nc5 Ke7 29. R6d2 Rg8 30. Rh1 g5 31. hxg5 Rxg5 32. b3 Bc8 33. Kb2 f5 34. Kc3 f4 35. Kb4 Ke8 36. Nd3 Rcg7 37. Rh2 h4 38. Kc5 h3 39. gxh3 Rh5 40. Rdf2 Rg3 41. Kb6 c5 42. Kxc5 Bxh3 43. c4 Rh4 44. Nxe5 Ke7 45. Kd4 Kf6 46. Nd3 Kg5 47. Ke5 Rh8 48. Kd4 Rd8+ 49. Kc3 Kh4 50. Nxf4 Rf8 51. Nxh3 Rxh3 52. Rxh3+ Kxh3 53. f4 Kg3 54. Rf1 Kg2 55. Re1 Rxf4 56. e5 Kf2 57. Rd1 Re4 58. Rd5 Kf3 59. b4 Re3+ 60. Kc2 Ke4 61. e6 Kf4 62. Rd7 Rxe6 63. Rxb7 Ke4 64. Rb6 Re5 65. Kc3 Rh5 66. Rxa6 Rh3+ 67. Kc2 Kd4 68. Rc6 Rh2+ 69. Kb3 Rh1 70. a6 Ra1 71. b5 Rb1+ 72. Kc2 Ra1 73. Kb2 Ra5 74. Kb3 Ra1 75. Rc7 Ke5 76. Rd7 Ke6 77. Rd5 Ra5 78. Kb4 Ra1 79. Kc5 Rc1 80. Rd4 Ra1 81. Rd3 Ra2 82. Rd1 Ke7 83. Kc6 Rc2 84. c5 Rh2 85. Kc7 Rh6 86. Rd6 Rh7 87. Rd7+ Ke6 88. Rxh7 Kd5 89. Rh5+ Kc4 90. Kc6 Kb4 91. Kb6 Kc3 92. c6 Kd4 93. a7 Ke4 94. Rh6 Kf4 95. Rh7 Kg5 96. Rh8 Kg6 97. Rf8 Kg7 98. Re8 Kf6 99. Rd8 Kf7 100. c7 Ke7 101. Kb7 Kf6 102. b6 Ke5 103. Rc8 Ke6 104. Rb8 Ke7 105. a8Q Kd7 106. Rd8+ Ke6 107. Re8+ Kd5 108. Qd8+ Kc4 109. Re4+ Kb5 110. Qd5# 1-0

[Event "Titled Tuesday intern op 18th Jan"]
[Site "Chess.com INT"]
[Date "2022.01.18"]
[Round "2"]
[White "Claridge Hansen, William"]
[Black "Kalashian, David"]
[Result "0-1"]
[WhiteElo "2338"]
[BlackElo "2398"]
[PlyCount "126"]
[EventDate "2022.01.18"]
[EventType "swiss (blitz)"]
[EventRounds "11"]
[EventCountry "USA"]
[SourceTitle "CBM 206 Extra"]
[Source "ChessBase"]
[SourceDate "2022.03.31"]
[SourceVersion "1"]
[SourceVersionDate "2022.03.31"]
[SourceQuality "1"]

1. c4 Nf6 2. g3 e6 3. Bg2 d5 4. Nf3 Be7 5. 0-0 0-0 6. b3 c5 7. cxd5 exd5 8. d4 Nc6 9. Bb2 Re8 10. Nc3 Bg4 11. dxc5 Bxc5 12. Rc1 a6 13. h3 Bh5 14. g4 Bg6 15. g5 Ne4 16. Nxe4 dxe4 17. Rxc5 exf3 18. Bxf3 Qe7 19. Rd5 Rad8 20. Qd2 Rxd5 21. Qxd5 Rd8 22. Qc4 Qxg5+ 23. Kh1 Ne5 24. Bxe5 Qxe5 25. Bxb7 a5 26. Bf3 h6 27. Rg1 Kh7 28. Qg4 Rd2 29. a3 Rb2 30. b4 axb4 31. axb4 Qd6 32. Be4 Rxb4 33. Bxg6+ fxg6 34. Qg3 Qf6 35. Rg2 h5 36. Qd3 Rh4 37. Kh2 Rd4 38. Qg3 h4 39. Qe3 Qd6+ 40. Kh1 Qd5 41. Qf3 Rd1+ 42. Rg1 Rxg1+ 43. Kxg1 Qxf3 44. exf3 g5 45. Kf1 Kg6 46. Ke2 Kf5 47. Kd3 Kf4 48. Ke2 g6 49. Ke1 Kxf3 50. Kf1 g4 51. hxg4 Kxg4 52. Kg2 g5 53. f3+ Kf4 54. Kf2 h3 55. Kg1 Kxf3 56. Kh2 g4 57. Kg1 g3 58. Kh1 Ke2 59. Kg1 g2 60. Kh2 Kf2 61. Kxh3 g1Q 62. Kh4 Qg6 63. Kh3 Qg3# 0-1